Представление документа в формате MARC21

Поле Инд. ПП Название Значение
Тип записи a
Библиографический уровень a
001 Контрольный номер RU/IS/BASE/474632880
005 Дата корректировки 20150115102800.6
020 a ISBN 978-5-7609-0582-6
040 a Служба первич. каталог. НБ ТвГУ
b Код языка каталог. rus
e Правила каталог. PSBO
041 0_ a Код языка текста rus
245 10 a Заглавие К юбилею тверского краеведа
260 a Место издания Тверь
b Издательство Тверской государственный университет
c Дата издания 2010
500 a Примечание В надзаг.: Оргкомитет Каргинских чтений
520 a Аннотация Статья посвящена 75-летнему юбилею тверского краеведа - Владимира Борисовича Финкельштейна. В. Б. Финкельштейн уроженец города Кимры Тверской губернии.
653 a Ключевые слова Краеведение
653 1_ a Ключевые слова Финкельштейн Владимир Борисович
653 1_ a Ключевые слова Кимры, город
653 1_ a Ключевые слова Тверская губерния
773 08 w Контрольный № источника RU/IS/BASE/328721212
t Название источника Тверская история и наука России
d Место и дата издания Тверь : Тверской государственный университет, 2010
g Прочая информация Вып. 3. - С. 31-32
901 t Тип документа a
920 a Оператор Корж